000 nam a22 a 4500
999 _c390011
_d390011
003 BLK
005 20221208031024.0
008 200315b bul|||||r ||||||| ||bul||
010 _aKNG00167893RET
040 _aBLK
041 _aBUL
_cBUL
080 _aРуска литература
_b821.161.1
_x-22
_z821.161.1-22
100 _aГрибоедов, Александър Сергеевич
_eпърви автор
_91299
139 _aГрибоедов, Александър Сергеевич и др.
245 1 0 _aСтудент
_bКомедия в 3 д.
_cАлександър Сергеевич Грибоедов; Съавт. П. Катенин; Прев. от рус. П. Калчев.
257 _aBGR
260 _aСт. Загора
_c1895
_fСт. Загора : печ. Н. С. Кирилов, 1895
300 _a78 с.
_c25 см
380 _aX
490 _9435080
_aКолекция Редки и ценни издания
700 _aКатенин, П.
_eсъавт.
_91445
700 _aКалчев, П.
_eпрев. от рус.
_91121
852 _aРб 895
_bРц
856 4 _qpdf
_u
942 _cKNG
_n0
_s1
944 _aCR
_c2020-10-13
_kРенета Константинова
999 _d502278